000 00463nam a2200181Ia 4500
008 240925s9999 xx 000 0 und d
020 _a9789350145685
082 _a621.3815 SHA
100 _aSharma, Sanjay
245 0 _aElectronic Devices
250 _aNA
260 _aNew Delhi:
_bS.K.Kataria & sons
_c,2014.
300 _aviii,158p.
_b0
_fOriginal
500 _aIncludes Index
600 _aElectronic Engineering
650 _aTechnology
942 _cBK
999 _c14143
_d14143